000 00615nam a2200241 a 4500
001 nice12345678
003 IN_TiNIC
005 20260116012305.0
008 050524s1989 dela grp 000 0 eng
020 _a8120209
_c200
082 0 0 _a323.3971095475
_bENG
100 _aEngineer, Asghar Ali
245 _aMuslim Communities of Gujarat
260 _aDelhi
_bAjanta Publications
_c1989
300 _a275p
500 _aincludes index and biblioraphy
505 2 _aIndexes
650 _aMuslims-India-Gujrat
700 1 _aEngineer, Asghar Ali
902 _bSRS
942 _cBK
999 _c6416
_d6416